| Tag |
First Indicator |
Second Indicator |
Subfields |
| LEADER |
00000cam a2200000 i 4500 |
| 001 |
in00004361621 |
| 005 |
20220105155337.0 |
| 008 |
210414s2021 enk 000 0 eng d |
| 020 |
|
|
|a 9781526744364
|q (hbk.)
|
| 020 |
|
|
|a 1526744368
|
| 035 |
|
|
|a (OCoLC)on1255882196
|
| 040 |
|
|
|a YDX
|e rda
|c YDX
|d COO
|d BWK
|d TXA
|d UtOrBLW
|
| 043 |
|
|
|a ff-----
|
| 049 |
|
|
|a TXAM
|
| 082 |
0 |
|
|a 940.54231
|2 23
|
| 090 |
|
|
|a D766.8
|b .M584 2021
|
| 100 |
1 |
|
|a Mitchelhill-Green, David,
|e author.
|0 http://id.loc.gov/authorities/names/no2016092786
|
| 245 |
1 |
0 |
|a Hitler's war in Africa, 1941-1942 :
|b the road to Cairo /
|c David Mitchelhill-Green.
|
| 264 |
|
1 |
|a Barnsley, South Yorkshire, UK :
|b Pen & Sword Military,
|c 2021.
|
| 300 |
|
|
|a ix, 242 pages, 16 unnumbered pages of plates :
|b illustrations ;
|c 24 cm.
|
| 336 |
|
|
|a text
|b txt
|2 rdacontent
|
| 337 |
|
|
|a unmediated
|b n
|2 rdamedia
|
| 338 |
|
|
|a volume
|b nc
|2 rdacarrier
|
| 504 |
|
|
|a Includes bibliographical references and index.
|
| 610 |
1 |
0 |
|a Germany.
|b Heer
|x History
|y World War, 1939-1945.
|
| 650 |
|
0 |
|a World War, 1939-1945
|x Campaigns
|z Africa, North.
|0 http://id.loc.gov/authorities/subjects/sh85148301
|
| 945 |
|
|
|a PromptCat
|
| 948 |
|
|
|a cataloged
|b h
|c 2021/9/16
|d c
|e dmitchel
|f 10:10:10 AM
|
| 994 |
|
|
|a C0
|b TXA
|
| 999 |
f |
f |
|s 7eb1a7e0-ac37-3ebc-8d90-81ff30a08cf5
|i f0a1361f-202c-3f8e-ad36-4abe22fdfba8
|t 0
|
| 952 |
f |
f |
|p normal
|a Texas A&M University
|b College Station
|c Sterling C. Evans Library
|d Evans: Library Stacks
|t 0
|e D766.8 .M584 2021
|h Library of Congress classification
|i unmediated -- volume
|m A14851648114
|
| 998 |
f |
f |
|a D766.8 .M584 2021
|t 0
|l Evans: Library Stacks
|